000 00408nam a2200181Ia 4500
001 10452
005 20260306161833.0
008 260306t1943||||xx |||||||||||||| ||spa||
041 _aESP
082 _a929.7
_bW19
100 _aWalsh, William Thomas
_eAUT
245 0 _aFelipe II
260 _c1943
300 _a809 páginas :
_c22 cm.
650 _aGEN
654 _aCHU
942 _cLIB
_dJUS
_fJUS
_2ddc
_n
999 _c10452
_d10452